000 00340nam a2200133Ia 4500
008 100328s9999 xx 000 0 und d
082 _b68283
100 _aओक जनार्दन.
245 _aहारजीत.
260 _bमेघना.
630 _aहारजीत.
730 _aहारजीत.
942 _cBOOK
999 _c554022
_d554019